Xã hội học về dư luận xã hội
Trình bày đối tượng, quan hệ, chức năng của nghiên cứu xã hội, bản chất của dư luận xã hội. Sơ lược một số quan điểm lý thuyết về dư luận xã hội, các quy luật và các hành vi, vai trò, quá trình hình thành và biến đổi của dư luận xã hội......
Wedi'i Gadw mewn:
| Prif Awdur: | |
|---|---|
| Fformat: | Llyfr |
| Iaith: | Vietnamese |
| Cyhoeddwyd: |
H.
Đại học Quốc gia Hà Nội
2006
|
| Pynciau: | |
| Tagiau: |
Ychwanegu Tag
Dim Tagiau, Byddwch y cyntaf i dagio'r cofnod hwn!
|
| Thư viện lưu trữ: | Mạng thư viện Đại học Đà Nẵng |
|---|
| LEADER | 01573nam a2200361 4500 | ||
|---|---|---|---|
| 001 | 000007349 | ||
| 003 | 3510 | ||
| 005 | 20111110101123.0 | ||
| 008 | 110929s2006 viesd | ||
| 020 | |c 36500đ | ||
| 041 | 0 | |a vie | |
| 082 | |a 302.3 |b NG-T | ||
| 100 | 0 | |a Nguyễn Quý Thanh | |
| 245 | 0 | |a Xã hội học về dư luận xã hội |c Nguyễn Quý Thanh | |
| 260 | |a H. |b Đại học Quốc gia Hà Nội |c 2006 | ||
| 300 | |a 367 tr |c 21 cm | ||
| 500 | |a ĐTTS ghi: Đại học Quốc gia Hà Nội. Trường đại học Khoa học Xã hội và Nhân văn. Khoa Xã hội học | ||
| 504 | |a Thư mục: tr. 363 | ||
| 520 | |a Trình bày đối tượng, quan hệ, chức năng của nghiên cứu xã hội, bản chất của dư luận xã hội. Sơ lược một số quan điểm lý thuyết về dư luận xã hội, các quy luật và các hành vi, vai trò, quá trình hình thành và biến đổi của dư luận xã hội... | ||
| 653 | |a Dư luận xã hội | ||
| 653 | |a Xã hội học | ||
| 700 | |a Nguyễn Quý Thanh | ||
| 910 | |a Nguyễn Thị Kim Oanh |d 29/09/2011 | ||
| OWN | |a LSP | ||
| AVA | |a UDN50 |b LSP |d 302.3 NG-T |e available |t Error 5001 Not defined in file expand_doc_bib_avail. |f 5 |g 0 |h N |i 0 |k 1 | ||
| 999 | |a From the UDN01 | ||
| AVA | |a UDN50 |b LSP |d 302.3 NG-T |e available |t Error 5001 Not defined in file expand_doc_bib_avail. |f 5 |g 0 |h N |i 0 |k 1 | ||
| TYP | |a Monograph | ||
| TYP | |a Printed language | ||
| 980 | |a Mạng thư viện Đại học Đà Nẵng | ||